Organisational behavior (Record no. 199915)

MARC details
000 -LEADER
fixed length control field 00352nam a2200145Ia 4500
005 - DATE AND TIME OF LATEST TRANSACTION
control field 20250415094811.0
008 - FIXED-LENGTH DATA ELEMENTS--GENERAL INFORMATION
fixed length control field 231217s9999 xx 000 0 und d
020 ## - INTERNATIONAL STANDARD BOOK NUMBER
International Standard Book Number 9789332587120
082 ## - DEWEY DECIMAL CLASSIFICATION NUMBER
Classification number 658.3 HAR;1 R
100 ## - MAIN ENTRY--PERSONAL NAME
Personal name James, P S.
245 #0 - TITLE STATEMENT
Title Organisational behavior
260 ## - PUBLICATION, DISTRIBUTION, ETC. (IMPRINT)
Date of publication, distribution, etc. 2017
Name of publisher, distributor, etc. Jaico
Place of publication, distribution, etc. Mumbai
300 ## - PHYSICAL DESCRIPTION
Extent xxxvi, 1.10
942 ## - ADDED ENTRY ELEMENTS (KOHA)
Koha item type Books
Holdings
Date last seen Total Checkouts Full call number Accession number Checked out Date checked out Price effective from Category Public note Lost status Damaged status Department Withdrawn status Permanent Location Current Location Shelving location Entry date Grants Currency symbol Conversion rate Discount Discount type
07/08/2024 1 658.3 HAR;1 R 93738 21/08/2024 07/08/2024 26/01/2024 Books Donated by Pearson     Central Library   Central Library RFID Kiosk Central Library 20/02/2023 DONATED RS 1   Rupees

© For any Suggestions or Query, please contact the library staff @ librarian@pes.edu or Phone: +9180 2672 1983/ 2108.